000 00576nam a2200205Ia 4500
003 OSt
005 20230405144453.0
008 210423s2000 xx 000 0 und d
020 _a9780521149204
040 _cAL
041 _aeng
082 _a418.0071 SHER
100 _aSHEMESH (Ruth);WALLER (Sheila).
_983533
245 _aTeaching English spelling: a practical guide.
260 _aNew Delhi
_bCambridge University Press
_c2000
300 _avii,296
_bPB
365 _b295
_cINR
906 _aenglish ; guide. ; practical ; spelling: ; Teaching
942 _2ddc
_cBK
999 _c158144
_d158144